Представление документа в формате RUSMARC

ПолеНазваниеЗначение
  Тип записи a
  Библиографический уровень m
001 Контрольный номер RU/IS/BASE/558458031
005 Дата корректировки 20240207193244.7
010 Индекс ISBN __
d Цена 0 р. 15 к.
100 Данные общей обработки __
a Данные общей обработки 20170911d2017 ||| 0rusy0189 ca
101 Язык документа 0_
a Язык текста rus
102 Страна публикации __
a Страна публикации RU
105 Кодированные данные (монография) __
a Кодированные данные (монография) y###||||000|y
200 Заглавие и сведения об ответственности 1_
a Заглавие Быстрее ветра
b Общее обозначение материала Текст
f Первые сведения об ответственности Б. В. Миненков
210 Выходные данные 1_
a Место издания Москва
c Издательство Физкультура и спорт
d Дата издания 1969
215 Физическое описание __
a Объем 87 с.
c Иллюстрации/тип воспроизводства ил.
225 Серия 1_
a Серия Советы начинающим
606 Тематические рубрики 1_
a Основная рубрика Горнолыжный спорт
610 Ключевые слова 1_
a Ключевые слова горные лыжи
a Ключевые слова горнолыжный спорт
a Ключевые слова зимний спорт
686 Индексы других классификаций __
a Классификационный индекс 75.719
2 Код системы rubbk
700 Автор _1
a Фамилия Миненков
b Имя (инициалы) Б. В.
801 Источник записи _0
a Страна RU
b Организация Ульяновская ОБДЮ
c Дата составления 20170911
g Правила каталогизации RCR
801 Источник записи _1
a Страна RU
b Организация Ульяновская ОБДЮ
c Дата составления 20170911
g Правила каталогизации RCR
852 Данные о местонахождении __
a Наименование организации Ульяновская ОБДЮ
i Авторский знак М 61
j Шифр хранения 75.719
901 Тип документа __
t Тип документа m
910 Корректоры записи __
a Корректор записи Рябова
919 __
a Рябова
938 Служебная информация __
a Имя БД MarkBase